00209nam a2200085Ia 4500008004100000041000800041100001700049245002600066260003100092230508s1999 xx 000 0 und d aeng aHOLMES BARRY aPROGRAMMING WITH JAVA bCBS PUBLISHERS & DISc1999